[Event "Jakarta op"]
[Site "Jakarta"]
[Date "2024.01.20"]
[Round "3"]
[White "Najibi, Achmad Labib"]
[Black "Sapurno, Amin"]
[Result "1-0"]
[WhiteElo "1889"]
[BlackElo "1457"]
[PlyCount "97"]
[EventDate "2024.01.19"]
[EventType "swiss"]
[EventRounds "7"]
[EventCountry "INA"]
[SourceTitle "CB06_2024"]
[SourceDate "2024.02.07"]
[SourceVersion "1"]
[SourceVersionDate "2024.02.07"]
[SourceQuality "1"]

1. Nf3 e6 2. b3 Nf6 3. Bb2 Be7 4. e3 c5 5. Be2 Nc6 6. 0-0 b6 7. Ne5 Nxe5 8. Bxe5 d6 9. Bf3 Rb8 10. Bg3 Bd7 11. d4 Qc8 12. c4 Bc6 13. dxc5 Bxf3 14. Qxf3 Qxc5 15. Nc3 0-0 16. Rad1 a6 17. Bh4 d5 18. Rd4 Rbd8 19. Rfd1 b5 20. cxd5 Nxd5 21. Bxe7 Qxe7 22. Nxd5 exd5 23. Rxd5 Rxd5 24. Qxd5 Qa3 25. Qd2 Qc5 26. h3 h6 27. Rc1 Qb6 28. Qb4 Qf6 29. Qe4 Rd8 30. Rc2 g6 31. Kh2 h5 32. a4 bxa4 33. bxa4 Qd6+ 34. g3 Rb8 35. Rc6 Qd2 36. Kg2 Rb2 37. Qe8+ Kg7 38. Qe5+ Kh7 39. Rf6 Rb7 40. Rxa6 Qb4 41. Ra8 f6 42. Qxf6 Rg7 43. a5 Qe4+ 44. Qf3 Qe6 45. a6 Rf7 46. a7 Rxf3 47. Rh8+ Kxh8 48. a8Q+ Kg7 49. Qxf3 1-0